| 000 | 00611nam a2200217 a 4500 | ||
|---|---|---|---|
| 005 | 20210219152831.0 | ||
| 008 | 991125n 000 0 eng u | ||
| 035 | _aUPN01000062723 | ||
| 100 | _aDuncan, Starkey | ||
| 222 | 0 | _aCHILD DEVELOPMENT | |
| 245 | 0 | _aAchieving parent-child coordination through convention : fixed and variable-sequence conventions | |
| 300 | _a742-753 | ||
| 362 | _a1990 61, no. 3 | ||
| 653 | 0 | _aDESARROLLO INFANTIL | |
| 653 | 0 | _aINFANTES | |
| 653 | 0 | _aINTERACCION | |
| 653 | 0 | _aRELACION PADRE-HIJO | |
| 700 | _aFarley, Anne M. | ||
| 904 |
_aAC _b000534 |
||
| 905 | _aArticulo | ||
| 999 |
_c61840 _d61840 |
||